| 000 | 00854nam a2200253Ia 4500 | ||
|---|---|---|---|
| 003 | OSt | ||
| 005 | 20221005045704.0 | ||
| 006 | a|||||r|||| 00| 0 | ||
| 007 | ta | ||
| 008 | 221004b |||||||| |||| 00| 0 eng d | ||
| 020 |
_a9788190666916 (pbk) _c270 |
||
| 024 | _a22394 | ||
| 037 |
_b816, 23/03/2015, Anshika Book International Publishers & Distributors _cTextual |
||
| 040 |
_aCRL _cCRL _beng |
||
| 041 |
_2eng _aeng |
||
| 082 | _aO111,3NSE,SS, Q0 | ||
| 100 |
_aSen Rahul _9308628 |
||
| 245 | 0 |
_aSutra symbiotix _b An inspirational tale of a fascinating journey |
|
| 260 |
_aKolkata _bDocsen Pub India _c2010 |
||
| 300 |
_a214p. _ccm. |
||
| 650 | _aENGLISH LITERATURE | ||
| 942 |
_hO111,3NSE,SS, Q0 _cTEXL _2cc |
||
| 999 |
_c955534 _d955534 |
||